000 00789nam a2200241Ia 4500
003 OSt
005 20220923220913.0
006 a|||||r|||| 00| 0
007 ta
008 220922b |||||||| |||| 00| 0 hin d
024 _a192,023
037 _cTextual
040 _aARTS
_cARTS
_bhin
041 _2hin
_ahin
082 _aS1-6:86, 152M7
100 _aबायती, जमना लाल
_9156266
245 0 _aबालक की समस्याएंॅ और निदान
246 _aBālak kī samasyāeanॅ aur nidāna
260 _aदिल्ली
_b प्रभात प्रकाशन
_c1987
300 _a195पृ.
_ccm.
942 _hS1-6:86, 152M7
_cTEXL
_2CC
999 _c344669
_d344669